00691 2200229 4500001002100000005001700021008004100038035002400079082001200103090002200115100004600137245012500183250001100308260002800319300002400347650002400371850001500395980001500410985000600425999001500431999001500446YOGYA-0209000002310120090227023735.0 ind  0010-020900000023101 a346.048 a346.048bInd UlR aINDONESIA.[Undang-undang, Peraturan dsb.] aUndang-undang tentang paten dan merek tahun 2001bdilengkapi perundang-undangan tentang perlindungan konsumen tahun 2001 aCet. 1 aJakartabEko Jayac2001 axii, 270 hlmc21 cm aPaten - Aspek hukum aYOPDYOG(B) a02-05-2007 a2 a06A0021002 a06A0021003